[Event "POL-chT 2nd League"]
[Site "Sypniewo"]
[Date "2021.09.09"]
[Round "6.16"]
[White "Mierzynski, Jaroslaw"]
[Black "Strzelecki, Jerzy"]
[Result "1/2-1/2"]
[WhiteElo "1922"]
[BlackElo "1924"]
[PlyCount "60"]
[EventDate "2021.09.04"]
[EventType "team-swiss"]
[EventRounds "9"]
[EventCountry "POL"]
[SourceTitle "CBM 204 Extra"]
[Source "ChessBase"]
[SourceDate "2021.11.30"]
[SourceVersion "1"]
[SourceVersionDate "2021.11.30"]
[SourceQuality "1"]
[WhiteTeam "Wolsztyn UKS Szach"]
[BlackTeam "Lodz Okucia Budowlane"]
[WhiteTeamCountry "POL"]
[BlackTeamCountry "POL"]

1. d4 e6 2. Bf4 c5 3. e3 Qb6 4. Nc3 Nf6 5. Rb1 Be7 6. Nf3 0-0 7. Bd3 d6 8. 0-0 Bd7 9. Nd2 Na6 10. a3 Rfd8 11. Ne2 Rac8 12. c3 cxd4 13. exd4 d5 14. Bg5 Bb5 15. Bc2 Nc7 16. Re1 Nce8 17. Nf3 a5 18. Ng3 Qc7 19. Qd2 Nd6 20. Bf4 Re8 21. Qd1 Qd8 22. Ne5 Bf8 23. Bg5 Be7 24. Qf3 Rc7 25. Bf4 Rc8 26. Ng4 Nxg4 27. Qxg4 f5 28. Qh5 g6 29. Qd1 Bf6 30. f3 Ra8 1/2-1/2

[Event "Suwalki Warakomska Memorial op 4th"]
[Site "Suwalki"]
[Date "2020.08.08"]
[Round "3"]
[White "Chojnowski, Marcin"]
[Black "Strzelecki, Jerzy"]
[Result "1/2-1/2"]
[WhiteElo "2035"]
[BlackElo "1977"]
[PlyCount "34"]
[EventDate "2020.08.06"]
[EventType "swiss"]
[EventRounds "9"]
[EventCountry "POL"]
[SourceTitle "CBM 197 Extra"]
[Source "ChessBase"]
[SourceDate "2020.09.30"]
[SourceVersion "1"]
[SourceVersionDate "2020.09.30"]
[SourceQuality "1"]

1. d4 Nf6 2. c4 g6 3. f3 Bg7 4. e4 d6 5. Nc3 0-0 6. Be3 a6 7. Nge2 c6 8. Ng3 b5 9. Be2 Nbd7 10. 0-0 Bb7 11. a4 b4 12. Na2 c5 13. Nc1 Qc7 14. d5 e5 15. f4 exf4 16. Bxf4 Rae8 17. Qc2 Ra8 1/2-1/2

[Event "Suwalki Warakomska Memorial op 4th"]
[Site "Suwalki"]
[Date "2020.08.08"]
[Round "4"]
[White "Strzelecki, Jerzy"]
[Black "Rosol, Alexander"]
[Result "0-1"]
[WhiteElo "1977"]
[BlackElo "1923"]
[PlyCount "64"]
[EventDate "2020.08.06"]
[EventType "swiss"]
[EventRounds "9"]
[EventCountry "POL"]
[SourceTitle "CBM 197 Extra"]
[Source "ChessBase"]
[SourceDate "2020.09.30"]
[SourceVersion "1"]
[SourceVersionDate "2020.09.30"]
[SourceQuality "1"]

1. Nf3 Nf6 2. c4 g6 3. g3 Bg7 4. Bg2 0-0 5. 0-0 d6 6. Nc3 c6 7. d3 e5 8. Rb1 Re8 9. Bg5 h6 10. Bxf6 Bxf6 11. Qc2 Be6 12. e4 Nd7 13. b4 a6 14. Rfc1 Bg7 15. a4 f5 16. b5 axb5 17. axb5 Qc7 18. Nh4 Kh7 19. Qe2 f4 20. Bf3 Nc5 21. Rc2 Bf6 22. Ng2 g5 23. bxc6 bxc6 24. Bh5 Rg8 25. g4 Ra3 26. Ne1 Rga8 27. Kg2 Qa5 28. Nd1 Bd8 29. Be8 Qa6 30. Bh5 Ba5 31. Nb2 Rb8 32. Rbc1 Nb3 0-1

[Event "Suwalki Warakomska Memorial op 4th"]
[Site "Suwalki"]
[Date "2020.08.07"]
[Round "2"]
[White "Bugajski, Robert"]
[Black "Strzelecki, Jerzy"]
[Result "1-0"]
[WhiteElo "2081"]
[BlackElo "1977"]
[PlyCount "89"]
[EventDate "2020.08.06"]
[EventType "swiss"]
[EventRounds "9"]
[EventCountry "POL"]
[SourceTitle "CBM 197 Extra"]
[Source "ChessBase"]
[SourceDate "2020.09.30"]
[SourceVersion "1"]
[SourceVersionDate "2020.09.30"]
[SourceQuality "1"]

1. d4 Nf6 2. Nf3 g6 3. g3 d5 4. Bg2 Bg7 5. 0-0 0-0 6. c4 dxc4 7. Na3 c3 8. bxc3 c5 9. Bb2 Nc6 10. Re1 Qb6 11. Nc4 Qa6 12. Ncd2 e5 13. e3 cxd4 14. cxd4 exd4 15. Nxd4 Nxd4 16. Bxd4 Be6 17. Nb3 Nd7 18. Bxg7 Kxg7 19. Nd4 Nc5 20. Nxe6+ Nxe6 21. Qd5 Rab8 22. a4 Rfd8 23. Qe5+ f6 24. Qb5 Qd6 25. a5 Rd7 26. Rec1 Rc7 27. Rd1 Qe7 28. Rab1 Nc5 29. Rbc1 b6 30. h4 a6 31. Qb4 b5 32. Rd5 Rbc8 33. Rcd1 Qf8 34. h5 Re8 35. hxg6 hxg6 36. Rd6 Re6 37. Rd8 Re8 38. R8d6 Re6 39. Rd8 Re8 40. R8d5 Ne6 41. Qg4 Qe7 42. Be4 Nf8 43. Bxg6 Nxg6 44. Rd7 Rc4 45. Qe6 1-0

[Event "WchT ICSC Silent 19th"]
[Site "Chiavenna"]
[Date "2019.12.15"]
[Round "3.3"]
[White "Strzelecki, Jerzy"]
[Black "Ghadimi, Mohammed Reza"]
[Result "0-1"]
[WhiteElo "1970"]
[BlackElo "2098"]
[PlyCount "100"]
[EventDate "2019.12.14"]
[EventType "team-tourn"]
[EventRounds "9"]
[EventCountry "ITA"]
[SourceTitle "CBM 193 Extra"]
[Source "ChessBase"]
[SourceDate "2020.01.31"]
[SourceVersion "1"]
[SourceVersionDate "2020.01.31"]
[SourceQuality "1"]
[WhiteTeam "Poland"]
[BlackTeam "Germany"]
[WhiteTeamCountry "POL"]
[BlackTeamCountry "GER"]

1. Nf3 d5 2. g3 Bg4 3. Bg2 Nd7 4. d4 e6 5. 0-0 Ngf6 6. Nbd2 Be7 7. c4 c6 8. b3 a5 9. Bb2 a4 10. h3 Bxf3 11. Bxf3 0-0 12. e4 dxe4 13. Nxe4 Qa5 14. Qd3 Rfd8 15. Qe2 Nxe4 16. Bxe4 Nf6 17. Rfc1 Nxe4 18. Qxe4 Bf6 19. Bc3 Qa7 20. c5 Rd5 21. Rd1 Rad8 22. Rd3 Qa6 23. Rad1 Qb5 24. Ba1 h6 25. f4 R8d7 26. Kg2 Be7 27. Rc3 Bxc5 28. Rcd3 Be7 29. Kf3 c5 30. h4 c4 31. bxc4 Qxc4 32. Qe2 Qc6 33. Kf2 b5 34. R1d2 b4 35. Qd1 Rc7 36. Qe2 Bf6 37. Rd1 Qc2 38. R1d2 Qc4 39. Rd1 Rcd7 40. R3d2 Qc6 41. Rd3 Qb6 42. Qe3 Rc7 43. R3d2 Rc4 44. Ke2 Qc6 45. Kf2 Bd8 46. Ke2 Ba5 47. Kf1 Rc1 48. Bb2 Rxd1+ 49. Rxd1 Qc4+ 50. Qe2 Qxa2 0-1

[Event "EU-chT Seniors 50"]
[Site "Walbrzych"]
[Date "2018.04.22"]
[Round "9.3"]
[White "De la Orden Alcocer, Alejandro"]
[Black "Strzelecki, Jerzy"]
[Result "1/2-1/2"]
[WhiteElo "2013"]
[BlackElo "2038"]
[PlyCount "52"]
[EventDate "2018.04.14"]
[EventType "team-swiss"]
[EventRounds "9"]
[EventCountry "POL"]
[SourceTitle "CBM 184 Extra"]
[Source "ChessBase"]
[SourceDate "2018.06.28"]
[SourceVersion "1"]
[SourceVersionDate "2018.06.28"]
[SourceQuality "1"]
[WhiteTeam "Spain Ruy Lopez 50"]
[BlackTeam "Poland Wschowa 50"]
[WhiteTeamCountry "ESP"]
[BlackTeamCountry "POL"]

1. c4 c5 2. Nc3 Nc6 3. g3 g6 4. Bg2 Bg7 5. d3 d6 6. Nf3 e5 7. 0-0 Nge7 8. Ne1 Be6 9. Nc2 0-0 10. Ne3 Qd7 11. Ned5 Bh3 12. Nxe7+ Nxe7 13. e4 Bxg2 14. Kxg2 f5 15. Bg5 Bf6 16. Bxf6 Rxf6 17. f3 Raf8 18. Qa4 Nc6 19. Rad1 Qg7 20. Qc2 Nd4 21. Qd2 fxe4 22. fxe4 Qf7 23. Rxf6 Qxf6 24. Qe3 Nc2 25. Qe2 Nd4 26. Qe3 Nc2 1/2-1/2

[Event "EU-chT Seniors 50"]
[Site "Walbrzych"]
[Date "2018.04.21"]
[Round "8.3"]
[White "Strzelecki, Jerzy"]
[Black "Kierzek, Mira"]
[Result "1-0"]
[WhiteElo "2038"]
[BlackElo "2011"]
[PlyCount "141"]
[EventDate "2018.04.14"]
[EventType "team-swiss"]
[EventRounds "9"]
[EventCountry "POL"]
[SourceTitle "CBM 184 Extra"]
[Source "ChessBase"]
[SourceDate "2018.06.28"]
[SourceVersion "1"]
[SourceVersionDate "2018.06.28"]
[SourceQuality "1"]
[WhiteTeam "Poland Wschowa 50"]
[BlackTeam "Germany (Women) 50"]
[WhiteTeamCountry "POL"]
[BlackTeamCountry "GER"]

1. c4 Nf6 2. Nc3 c6 3. e4 d6 4. d4 Nbd7 5. Nf3 Qc7 6. Be2 g6 7. 0-0 Bg7 8. Rb1 0-0 9. b4 b6 10. Bd2 Bb7 11. a3 a6 12. Qc2 Rac8 13. Rfc1 Qb8 14. Qd1 Rcd8 15. Qc2 Rc8 16. Qd1 b5 17. c5 dxc5 18. dxc5 Ne5 19. Qc2 Rcd8 20. Rd1 Bc8 21. Be1 Nfg4 22. g3 Nxf3+ 23. Bxf3 Ne5 24. Be2 Be6 25. Rxd8 Rxd8 26. Rd1 Nc4 27. a4 Qc7 28. axb5 axb5 29. Rxd8+ Qxd8 30. Nd1 Qd7 31. h4 Bg4 32. f3 Bd4+ 33. Kh2 Be6 34. Bc3 h5 35. Kg2 Bg7 36. Bxg7 Kxg7 37. Qc3+ Kg8 38. Ne3 Nd2 39. Kf2 Nb3 40. f4 Nd2 41. Bd3 Nb3 42. f5 gxf5 43. exf5 Bd5 44. Bc2 Nc1 45. Bb1 Nb3 46. Bc2 Nc1 47. Qd2 Na2 48. Bb3 Nxb4 49. Qxb4 e6 50. Qd4 Qa7 51. Bxd5 exd5 52. f6 Qa2+ 53. Kf3 Qb1 54. Qe5 Qg6 55. Qg5 Kf8 56. Qxg6 fxg6 57. Kf4 d4 58. Nd1 Kf7 59. Ke5 d3 60. Nb2 d2 61. Nd1 b4 62. Nb2 b3 63. Nd1 b2 64. Nxb2 Kf8 65. Ke6 Ke8 66. f7+ Kf8 67. Nd1 g5 68. hxg5 h4 69. gxh4 Kg7 70. Ke7 Kh7 71. h5 1-0

[Event "EU-chT Seniors 50"]
[Site "Walbrzych"]
[Date "2018.04.20"]
[Round "7.3"]
[White "Aird, Ian"]
[Black "Strzelecki, Jerzy"]
[Result "1/2-1/2"]
[WhiteElo "1785"]
[BlackElo "2038"]
[PlyCount "51"]
[EventDate "2018.04.14"]
[EventType "team-swiss"]
[EventRounds "9"]
[EventCountry "POL"]
[SourceTitle "CBM 184 Extra"]
[Source "ChessBase"]
[SourceDate "2018.06.28"]
[SourceVersion "1"]
[SourceVersionDate "2018.06.28"]
[SourceQuality "1"]
[WhiteTeam "Scotland 50"]
[BlackTeam "Poland Wschowa 50"]
[WhiteTeamCountry "SCO"]
[BlackTeamCountry "POL"]

1. e4 c5 2. Nf3 e6 3. d3 Nc6 4. g3 g6 5. Bg2 Bg7 6. 0-0 Nge7 7. c3 e5 8. a3 a5 9. a4 0-0 10. Na3 d5 11. exd5 Nxd5 12. Re1 Rb8 13. Nc4 Bg4 14. h3 Bxf3 15. Qxf3 Nde7 16. Bd2 h6 17. Rad1 Qc7 18. Bc1 Rbd8 19. h4 f5 20. Qe2 Nd5 21. h5 g5 22. Ne3 Nde7 23. Nc4 Nd5 24. Ne3 Nde7 25. Nc4 Nd5 26. Bf1 1/2-1/2

[Event "EU-chT Seniors 50"]
[Site "Walbrzych"]
[Date "2018.04.19"]
[Round "6.3"]
[White "Sirotkina, Nina"]
[Black "Strzelecki, Jerzy"]
[Result "1/2-1/2"]
[WhiteElo "2175"]
[BlackElo "2038"]
[PlyCount "91"]
[EventDate "2018.04.14"]
[EventType "team-swiss"]
[EventRounds "9"]
[EventCountry "POL"]
[SourceTitle "CBM 184 Extra"]
[Source "ChessBase"]
[SourceDate "2018.06.28"]
[SourceVersion "1"]
[SourceVersionDate "2018.06.28"]
[SourceQuality "1"]
[WhiteTeam "Russia (Women) 50"]
[BlackTeam "Poland Wschowa 50"]
[WhiteTeamCountry "RUS"]
[BlackTeamCountry "POL"]

1. c4 e6 2. g3 d5 3. Bg2 dxc4 4. Qa4+ Nd7 5. Qxc4 c5 6. Nf3 Ngf6 7. 0-0 a6 8. Qc2 b5 9. Ne5 Nd5 10. Nxd7 Bxd7 11. Nc3 Bc6 12. b3 Be7 13. Bb2 0-0 14. Rad1 Rc8 15. Qb1 Nxc3 16. dxc3 Qc7 17. Bxc6 Qxc6 18. c4 Rfd8 19. Qc2 f5 20. Be5 Kf7 21. Qc3 b4 22. Qb2 Bf8 23. f3 Kg8 24. Qc2 Be7 25. Qb2 Bf8 26. Qc1 Be7 27. Kg2 h6 28. Qb2 Bf8 29. Rd2 Rd7 30. Rfd1 Rcd8 31. Qc2 Kf7 32. Rxd7+ Rxd7 33. Rd3 Be7 34. Qd2 Rxd3 35. Qxd3 Kg8 36. Kf2 Kf7 37. Qd1 Kg8 38. Qd3 Kf7 39. Kg2 Kg8 40. h3 h5 41. Qd2 Kh7 42. Qd3 Kg8 43. Qd2 Kh7 44. Qd3 Kg8 45. Qd2 Kh7 46. Qd3 1/2-1/2

[Event "Liberec op 18th"]
[Site "Liberec"]
[Date "2018.02.24"]
[Round "1"]
[White "Strzelecki, Jerzy"]
[Black "Hurtik, Matej"]
[Result "0-1"]
[WhiteElo "2019"]
[BlackElo "1590"]
[PlyCount "78"]
[EventDate "2018.02.24"]
[EventType "swiss"]
[EventRounds "9"]
[EventCountry "CZE"]
[SourceTitle "CBM 183 Extra"]
[Source "ChessBase"]
[SourceDate "2018.04.19"]
[SourceVersion "1"]
[SourceVersionDate "2018.04.19"]
[SourceQuality "1"]

1. Nf3 Nf6 2. g3 g6 3. b3 Bg7 4. Bb2 0-0 5. Bg2 d5 6. 0-0 c6 7. c4 dxc4 8. bxc4 Bf5 9. d3 Nbd7 10. Nbd2 Re8 11. Nd4 e6 12. e4 Bg4 13. f3 Qb6 14. Qb3 e5 15. Qxb6 axb6 16. fxg4 exd4 17. g5 Ng4 18. Bh3 Nde5 19. Bxg4 Nxg4 20. Nf3 Ne3 21. Rf2 c5 22. Re2 b5 23. cxb5 Ra5 24. b6 Rb5 25. Rc1 Ra8 26. Ba1 Ra6 27. Kf2 Raxb6 28. Nd2 Ng4+ 29. Kg2 Ne5 30. Nc4 Nxc4 31. dxc4 Rb1 32. Ree1 Rxc1 33. Rxc1 Ra6 34. Kf3 Rxa2 35. e5 Rxh2 36. Re1 Rc2 37. Ke4 Rxc4 38. Kd5 Rc2 39. Rd1 b5 0-1

[Event "Marianske Lazne op 17th"]
[Site "Marianske Lazne"]
[Date "2018.01.23"]
[Round "5"]
[White "Strzelecki, Jerzy"]
[Black "Luczak, Filip"]
[Result "0-1"]
[WhiteElo "2009"]
[BlackElo "2069"]
[PlyCount "96"]
[EventDate "2018.01.20"]
[EventType "swiss"]
[EventRounds "9"]
[EventCountry "CZE"]
[SourceTitle "CBM 182 Extra"]
[Source "ChessBase"]
[SourceDate "2018.02.23"]
[SourceVersion "1"]
[SourceVersionDate "2018.02.23"]
[SourceQuality "1"]

1. c4 Nf6 2. Nc3 g6 3. e4 d6 4. d4 Bg7 5. Be2 0-0 6. Nf3 e5 7. 0-0 Nc6 8. d5 Ne7 9. b4 a5 10. bxa5 Rxa5 11. a4 c5 12. dxc6 bxc6 13. Ba3 c5 14. Bc1 Bb7 15. Bd3 Nc6 16. Rb1 Qa8 17. Bg5 Nd4 18. Re1 Bc6 19. Nxd4 cxd4 20. Bxf6 Bxf6 21. Nb5 Rxa4 22. Nxd6 Qa5 23. Nb5 Ra8 24. Re2 Ra2 25. g3 Qa4 26. Qe1 Bg5 27. h4 Bh6 28. Kh2 Qa5 29. Qd1 Rxe2 30. Qxe2 Qd2 31. Qxd2 Bxd2 32. Rb2 Bh6 33. Kg2 Ra1 34. f3 Be3 35. Nc7 Ra3 36. Bf1 Ba4 37. Nd5 Bc1 38. Rb1 Ra2+ 39. Kg1 Ba3 40. g4 Bc5 41. Kh1 Kg7 42. g5 Rf2 43. Ra1 Bc2 44. Nf6 Rxf3 45. Kg2 Ra3 46. Rxa3 Bxa3 47. Kf2 d3 48. Ke3 Bc1+ 0-1

[Event "POL-chT 2nd League"]
[Site "Jastrzebia Gora"]
[Date "2016.09.03"]
[Round "1.23"]
[White "Strzelecki, Jerzy"]
[Black "Faron, Rafal"]
[Result "1/2-1/2"]
[WhiteElo "2010"]
[BlackElo "2062"]
[PlyCount "62"]
[EventDate "2016.09.03"]
[EventType "team-swiss"]
[EventRounds "9"]
[EventCountry "POL"]
[SourceTitle "EXT 2017"]
[Source "ChessBase"]
[SourceDate "2016.10.25"]
[SourceVersion "1"]
[SourceVersionDate "2016.10.25"]
[SourceQuality "1"]
[WhiteTeam "Lodz Okucia Budowlane"]
[BlackTeam "Podlesie UKS 21"]
[WhiteTeamCountry "POL"]
[BlackTeamCountry "POL"]

1. Nf3 d5 2. d4 Nf6 3. c4 dxc4 4. e3 Bg4 5. Bxc4 e6 6. h3 Bh5 7. 0-0 Nbd7 8. b3 Bd6 9. Bb2 0-0 10. Nbd2 Qe7 11. Qc2 e5 12. dxe5 Nxe5 13. Be2 Rad8 14. Rfd1 c6 15. Nf1 Nxf3+ 16. Bxf3 Bxf3 17. gxf3 Be5 18. Bxe5 Qxe5 19. Rxd8 Rxd8 20. Rd1 Rd5 21. f4 Qd6 22. Rxd5 Nxd5 23. Ng3 Qe6 24. Kh2 h6 25. Qd2 Qf6 26. Kg2 Qc3 27. Qe2 Nf6 28. Qd1 Nd5 29. Qe2 Nf6 30. Qd1 Nd5 31. Qe2 Nf6 1/2-1/2

[Event "W-ch Disabled"]
[Site "Dresden"]
[Date "2015.10.22"]
[Round "5"]
[White "Strzelecki, Jerzy"]
[Black "Aleksandrova, Aleksandra"]
[Result "1/2-1/2"]
[WhiteElo "2063"]
[BlackElo "1931"]
[PlyCount "163"]
[EventDate "2015.10.18"]
[EventType "swiss"]
[EventRounds "7"]
[EventCountry "GER"]
[SourceTitle "CBM 168 Extra"]
[Source "ChessBase"]
[SourceDate "2015.10.29"]
[SourceVersion "1"]
[SourceVersionDate "2015.10.29"]
[SourceQuality "1"]

1. c4 d6 2. d4 Nd7 3. Nf3 Ngf6 4. Nc3 c6 5. e4 Qc7 6. Be2 e5 7. 0-0 Be7 8. Bg5 h6 9. Bh4 g5 10. Bg3 h5 11. h4 gxh4 12. Nxh4 Nf8 13. c5 exd4 14. Qxd4 Ne6 15. Qe3 Nd7 16. cxd6 Bxd6 17. Bxd6 Qxd6 18. Nf5 Qf4 19. Ng7+ Ke7 20. Nf5+ Kf8 21. Rad1 Qxe3 22. Nxe3 Nf4 23. f3 Ne5 24. Kf2 Be6 25. Rh1 h4 26. a3 Ke7 27. Rd2 Rag8 28. Rh2 h3 29. g4 Rd8 30. Rxd8 Rxd8 31. Kg3 Neg6 32. Bf1 a5 33. a4 Kf6 34. Bxh3 Nxh3 35. Kxh3 Rd3 36. Ned1 Bb3 37. Rh1 Bxa4 38. Kg3 Bxd1 39. Nxd1 Ne5 40. Rf1 Ke6 41. g5 Nxf3 42. Rxf3 Rxd1 43. Rf6+ Ke7 44. Rf5 Rd2 45. Rxa5 Rxb2 46. Kf4 Ke6 47. Re5+ Kd6 48. Re8 Rf2+ 49. Ke3 Rf1 50. Kd4 Rd1+ 51. Kc4 b5+ 52. Kb4 Rg1 53. Rf8 Rxg5 54. Rxf7 Re5 55. Rf4 Re6 56. Rh4 Rg6 57. Rh5 Re6 58. Rh4 Kc7 59. Kc5 Re5+ 60. Kd4 Kd6 61. Rh6+ Re6 62. e5+ Kd7 63. Rh5 Kc7 64. Kc5 Kb7 65. Rg5 Ka6 66. Rf5 Ka5 67. Rh5 b4 68. Rf5 Ka4 69. Kc4 Ka3 70. Rf8 c5 71. Ra8+ Kb2 72. Kxc5 b3 73. Kd5 Rb6 74. e6 Rb7 75. Kd6 Kc2 76. e7 b2 77. e8Q b1Q 78. Qe4+ Kd2 79. Qg2+ Kd1 80. Qf1+ Kd2 81. Ra2+ Kc3 82. Qf3+ 1/2-1/2

[Event "W-ch Disabled"]
[Site "Dresden"]
[Date "2015.10.20"]
[Round "3"]
[White "Varezhkin, Viktor"]
[Black "Strzelecki, Jerzy"]
[Result "1/2-1/2"]
[WhiteElo "2267"]
[BlackElo "2063"]
[PlyCount "62"]
[EventDate "2015.10.18"]
[EventType "swiss"]
[EventRounds "7"]
[EventCountry "GER"]
[SourceTitle "CBM 168 Extra"]
[Source "ChessBase"]
[SourceDate "2015.10.29"]
[SourceVersion "1"]
[SourceVersionDate "2015.10.29"]
[SourceQuality "1"]

1. e4 c5 2. Nf3 e6 3. d4 cxd4 4. Nxd4 a6 5. Bd3 Nc6 6. Nxc6 bxc6 7. 0-0 d5 8. c4 dxc4 9. Bxc4 Qxd1 10. Rxd1 Nf6 11. f3 Bc5+ 12. Kf1 a5 13. b3 a4 14. Bb2 Ba6 15. Bxa6 Rxa6 16. Bxf6 gxf6 17. Nc3 axb3 18. axb3 Rxa1 19. Rxa1 0-0 20. Ra6 Rc8 21. Ke2 Bg1 22. h3 Rb8 23. Rxc6 Rxb3 24. Nd1 Kg7 25. Rc3 Rb1 26. f4 Ra1 27. Rd3 Ra4 28. Kf3 Bd4 29. Ne3 Bxe3 30. Kxe3 Ra2 31. Kf3 Ra4 1/2-1/2

[Event "WchT Silent"]
[Site "Opatija"]
[Date "2014.06.27"]
[Round "9.4"]
[White "Strzelecki, Jerzy"]
[Black "Kudrashou, Siarhei"]
[Result "1-0"]
[WhiteElo "2089"]
[BlackElo "2066"]
[PlyCount "55"]
[EventDate "2014.06.19"]
[EventType "team-swiss"]
[EventRounds "9"]
[EventCountry "CRO"]
[SourceTitle "CBM 161 Extra"]
[Source "ChessBase"]
[SourceDate "2014.08.29"]
[SourceVersion "1"]
[SourceVersionDate "2014.08.29"]
[SourceQuality "1"]
[WhiteTeam "Poland"]
[BlackTeam "Belarus"]
[WhiteTeamCountry "POL"]
[BlackTeamCountry "BLR"]

1. c4 e5 2. Nc3 Nc6 3. Nf3 f5 4. d4 e4 5. Ng5 Be7 6. Nh3 Nf6 7. Nf4 0-0 8. h4 Ng4 9. g3 Bf6 10. e3 g6 11. Be2 d6 12. Nxe4 Bg7 13. Ng5 Qf6 14. Kf1 Ne7 15. Bd2 h6 16. Nf3 c6 17. Kg2 Qf7 18. b4 Nf6 19. Be1 Ne4 20. Rc1 Bd7 21. Qd3 Rac8 22. a3 a6 23. Nd2 d5 24. Nf3 dxc4 25. Qxc4 Nd5 26. Ne5 Nxf4+ 27. gxf4 Bxe5 28. Qxf7+ 1-0

[Event "WchT Silent"]
[Site "Opatija"]
[Date "2014.06.25"]
[Round "7.3"]
[White "Strzelecki, Jerzy"]
[Black "Cechi, Goran"]
[Result "1/2-1/2"]
[WhiteElo "2089"]
[BlackElo "2163"]
[PlyCount "73"]
[EventDate "2014.06.19"]
[EventType "team-swiss"]
[EventRounds "9"]
[EventCountry "CRO"]
[SourceTitle "CBM 161 Extra"]
[Source "ChessBase"]
[SourceDate "2014.08.29"]
[SourceVersion "1"]
[SourceVersionDate "2014.08.29"]
[SourceQuality "1"]
[WhiteTeam "Poland"]
[BlackTeam "Croatia"]
[WhiteTeamCountry "POL"]
[BlackTeamCountry "CRO"]

1. Nf3 Nf6 2. c4 g6 3. Nc3 d5 4. d4 Bg7 5. cxd5 Nxd5 6. e4 Nxc3 7. bxc3 c5 8. Bb5+ Bd7 9. Bxd7+ Qxd7 10. 0-0 cxd4 11. cxd4 0-0 12. Be3 e6 13. Qb3 Nc6 14. Rab1 Na5 15. Qb4 b6 16. Rbc1 Rac8 17. h3 Rfd8 18. Rxc8 Rxc8 19. Rd1 Rc2 20. a3 Bf8 21. Qb1 Qa4 22. d5 exd5 23. exd5 Nc4 24. Bg5 Nxa3 25. Qa1 Ra2 26. Qc1 Rc2 27. Qa1 Ra2 28. Qc1 Nc4 29. Bf6 Qc2 30. Qxc2 Rxc2 31. Ne5 Nd6 32. Nc6 Nc8 33. Nxa7 Nxa7 34. d6 Bxd6 35. Rxd6 Rc8 36. Rxb6 Re8 37. g4 1/2-1/2

[Event "EU-chT ICCD Silent 21st"]
[Site "Kaunas"]
[Date "2013.06.14"]
[Round "3.1"]
[White "Strzelecki, Jerzy"]
[Black "Bozinovic, Bogdan"]
[Result "1/2-1/2"]
[WhiteElo "2093"]
[BlackElo "2214"]
[PlyCount "103"]
[EventDate "2013.06.13"]
[EventType "team-swiss"]
[EventRounds "7"]
[EventCountry "LTU"]
[SourceTitle "EXT 2015"]
[Source "ChessBase"]
[SourceDate "2014.11.20"]
[SourceVersion "1"]
[SourceVersionDate "2014.11.20"]
[SourceQuality "1"]

1. Nf3 c5 2. c4 Nf6 3. Nc3 d5 4. cxd5 Nxd5 5. d4 Nxc3 6. bxc3 cxd4 7. cxd4 e5 8. e4 Bb4+ 9. Bd2 Bxd2+ 10. Qxd2 exd4 11. Bb5+ Bd7 12. Bxd7+ Qxd7 13. Qxd4 0-0 14. 0-0 Re8 15. Rfc1 Qe7 16. Rab1 Nc6 17. Qe3 Rad8 18. h3 Rd7 19. Re1 Red8 20. Qb3 h6 21. Qb5 Qe6 22. Qb3 Qxb3 23. Rxb3 f6 24. e5 fxe5 25. Nxe5 Rd1 26. Rbe3 Rxe1+ 27. Rxe1 Nxe5 28. Rxe5 Rd1+ 29. Kh2 Rd2 30. Ra5 a6 31. Kg3 Kf7 32. f4 Rd6 33. Kf3 Rd3+ 34. Ke4 Rg3 35. Rc5 Rxg2 36. Rc7+ Kf6 37. Rxb7 Re2+ 38. Kf3 Rxa2 39. Kg4 Ra4 40. Rb6+ Kf7 41. Rb7+ Kg6 42. Rb6+ Kh7 43. h4 Ra1 44. h5 a5 45. Ra6 a4 46. Kf5 a3 47. Ra7 a2 48. Ra8 Rh1 49. Rxa2 Rxh5+ 50. Kg4 Rb5 51. Ra6 Rb7 52. Rc6 1/2-1/2

[Event "Warsaw Najdorf Memorial op-A"]
[Site "Warsaw"]
[Date "2011.07.20"]
[Round "7"]
[White "Jarmula, Pawel"]
[Black "Strzelecki, Jerzy"]
[Result "1-0"]
[WhiteElo "2119"]
[BlackElo "2145"]
[PlyCount "51"]
[EventDate "2011.07.13"]
[EventType "swiss"]
[EventRounds "9"]
[EventCountry "POL"]
[SourceTitle "CBM 143 Extra"]
[Source "ChessBase"]
[SourceDate "2011.08.29"]
[SourceVersion "1"]
[SourceVersionDate "2011.08.29"]
[SourceQuality "1"]

1. e4 c5 2. Nf3 e6 3. b3 d6 4. Bb2 Nf6 5. e5 dxe5 6. Nxe5 Be7 7. Bd3 Qc7 8. 0-0 Nc6 9. f4 a6 10. a4 0-0 11. Rf3 Nb4 12. Na3 Nxd3 13. Nxd3 Bd7 14. Nc4 b5 15. Nce5 c4 16. bxc4 bxc4 17. Nf2 Rac8 18. Rg3 g6 19. Qf3 Rfd8 20. Kh1 Qb6 21. Bc3 Be8 22. Nfg4 Nxg4 23. Nxg4 f5 24. Qe2 fxg4 25. Qe5 Bf8 26. Qh8+ 1-0